Départements Limitrophes Des Vosges - Statistiques

Statistiques générales
  • Ce quiz a été pris 85 fois
  • Le résultat moyen est 5 sur 6
Statistiques - réponses
Départements % Correct
Meurthe-et-Moselle
100%
Haut-Rhin
99%
Bas-Rhin
97%
Meuse
89%
Haute-Marne
81%
Territoire-de-Belfort
75%
Aucun quiz correspondant
Distribution des résultats
% des personnes avec chaque résultat
Percentile par nombre de réponses
Votre historique - résultats
Vous n’avez pas pris ce quiz